| 000 | 00690nam a2200229 i 4500 | ||
|---|---|---|---|
| 001 | 146856 | ||
| 003 | ES-MaACL | ||
| 005 | 20230906201713.0 | ||
| 007 | t| | ||
| 008 | 070918s1959 mx ||||1| spa d | ||
| 080 | _a271.3(72) | ||
| 100 | 1 |
_aTrueba, Alfonso. _9111544 |
|
| 245 | 1 | 0 |
_aDoce antorchas / _cAlfonso Trueba. |
| 250 | _a2ª ed. | ||
| 260 |
_aMéxico D.F. : _bJus, _c1959. |
||
| 300 |
_a104 p. : _bil. ; _c23 cm. |
||
| 490 | 1 |
_aFiguras y episodios de la historia de México ; _v17 |
|
| 610 | 2 |
_aFranciscanos- _zMéxico. _94177 |
|
| 830 | 0 |
_aFiguras y episodios de la historia de México ; _v17 _9181876 |
|
| 852 |
_aES-MaACL _jE-9424 _bR.94187 |
||
| 999 |
_c146856 _d146856 |
||